000 00678nam a2200241 4500
003 OSt
005 20260601193853.0
008 260505b2004 mx a|||| |||| 00| 0 esp d
020 _a8425215447
040 _aICI
_bspa
_cICI
041 _amul
050 1 _aP93.5
_bM55
100 1 _aMillán, José Antonio,
_eautor
_932627
245 1 _a¡No! /
_cJosé Antonio Millán
264 _aBarcelona :
_bGustavo Gili,
_c2004
300 _a367 páginas :
_bilustraciones
336 _atexto
_2rdacontent
337 _asin medio
_2rdamedia
338 _avolumen
_2rdacarrier
500 _aTexto en español, inglés y portugués
650 _aComunicación visual
942 _2lcc
_cB
_n1
999 _c21937
_d21937